[Event "Ceske Budejovice op"]
[Site "Ceske Budejovice"]
[Date "2019.07.02"]
[Round "4"]
[White "Tajovsky, Matej"]
[Black "Kaspar, Jonas"]
[Result "1-0"]
[WhiteElo "1779"]
[BlackElo "1890"]
[PlyCount "93"]
[EventDate "2019.06.29"]
[EventType "swiss"]
[EventRounds "9"]
[EventCountry "CZE"]
[SourceTitle "CBM 191 Extra"]
[Source "ChessBase"]
[SourceDate "2019.09.30"]
[SourceVersion "1"]
[SourceVersionDate "2019.09.30"]
[SourceQuality "1"]

1. e4 e6 2. d4 d5 3. Nd2 Nf6 4. e5 Nfd7 5. f4 c5 6. c3 Nc6 7. Ndf3 cxd4 8. cxd4 Be7 9. g3 0-0 10. Be3 Nb6 11. b3 Bd7 12. h4 a5 13. Ng5 a4 14. Nxh7 Bb4+ 15. Kf2 Kxh7 16. Qh5+ Kg8 17. Bd3 f5 18. exf6 Rxf6 19. Bg6 Rxg6 20. Qxg6 axb3 21. Qb1 Bc3 22. Nf3 b2 23. Ng5 bxa1Q 24. Qh7+ Kf8 25. Rxa1 Bxa1 26. Qh8+ Ke7 27. Qxg7+ Kd6 28. Nf7+ Kc7 29. Nxd8 Kxd8 30. h5 Rxa2+ 31. Kf3 Nc4 32. Bg1 Nd2+ 33. Kg4 e5+ 34. f5 Nxd4 35. Qh8+ Ke7 36. Qxe5+ Ne6 37. Bc5+ Kf7 38. Qxd5 Ra4+ 39. Kh3 Rd4 40. Bxd4 Ke7 41. Bxa1 Ng5+ 42. Kg4 Nde4 43. h6 Bc6 44. f6+ Ke8 45. Qe5+ Kd8 46. Qe7+ Kc8 47. f7 1-0

[Event "AUT-ch U10"]
[Site "St Leonhard/Forst"]
[Date "2006.??.??"]
[Round "2"]
[White "Berger, Tobias"]
[Black "Kaspar, Jonas"]
[Result "1-0"]
[WhiteElo "1200"]
[BlackElo "1398"]
[PlyCount "69"]
[EventDate "2006.05.??"]
[EventType "swiss"]
[EventRounds "7"]
[EventCountry "AUT"]
[SourceTitle "EXT 2009"]
[Source "ChessBase"]
[SourceDate "2008.11.26"]
[SourceVersion "1"]
[SourceVersionDate "2008.11.26"]
[SourceQuality "1"]

1. d4 d5 2. c4 dxc4 3. e4 Nf6 4. Nc3 Nc6 5. Bxc4 Nxd4 6. Nf3 Bg4 7. Qxd4 Qxd4 8. Nxd4 0-0-0 9. Nde2 Bxe2 10. Kxe2 e6 11. Be3 Bb4 12. Rhd1 Nd7 13. Kf1 Bd6 14. g3 Ne5 15. Bb3 Nf3 16. Kg2 Ne5 17. Bd4 Nc6 18. Bxg7 Rhg8 19. Bf6 Rd7 20. Rd2 Ne7 21. Rad1 Rgd8 22. Bxe7 Rxe7 23. e5 Red7 24. exd6 cxd6 25. Ne4 d5 26. Nf6 Rd6 27. Nxh7 f5 28. Nf6 e5 29. Rxd5 Rxd5 30. Rxd5 Rxd5 31. Bxd5 b5 32. Be6+ Kb7 33. Bxf5 Kb6 34. Nd7+ Ka5 35. Nxe5 1-0